Govt. of
Madhya Pradesh

Europe in the Twentieth Century 1905-1970 (Record no. 32585)

MARC details
000 -LEADER
fixed length control field 003160000a22001450004500
003 - CONTROL NUMBER IDENTIFIER
control field MACL
040 ## - CATALOGING SOURCE
Original cataloging agency MACL
090 ## - LOCALLY ASSIGNED LC-TYPE CALL NUMBER (OCLC); LOCAL CALL NUMBER (RLIN)
-- 32922
-- 32920
100 ## - MAIN ENTRY--PERSONAL NAME
Personal name Ramm, Agatha
245 ## - TITLE STATEMENT
Title Europe in the Twentieth Century 1905-1970
260 ## - PUBLICATION, DISTRIBUTION, ETC. (IMPRINT)
Name of publisher, distributor, etc. Longman
650 ## - SUBJECT ADDED ENTRY--TOPICAL TERM
Topical term or geographic name as entry element History
942 ## - ADDED ENTRY ELEMENTS (KOHA)
Koha item type Library Membar
Call number prefix 940/Ram
951 ## - EQUIVALENCE OR CROSS-REFERENCE--GEOGRAPHIC NAME/AREA NAME [OBSOLETE] [CAN/MARC only]
-- 940/Ram BOOK

No items available.